000 00508nam a22001575i 4500
001 158974
003 ES-MaACL
005 20230906211410.0
008 970605s1845 sp |||| | spa d
040 _aGA
_bspa
_cCCPB | SIC
100 1 _aMartínez de Padín, Leopoldo.
_9129643
245 1 0 _aSuspiros del corazón /
_cpor Leopoldo Martínez Padín.
260 _aSantiago :
_b[s.n.],
_c1845 (
_fImprenta de Núñez Espinosa)
300 _a146, 49 p. ;
_c16 cm.
852 _aES-MaACL
_jG-9269
_z-- Enc. hol.
999 _c158974
_d158974